000 00857cam a2200241Ki 4500
020 _a9789400757967 (electronic bk.)
020 _a9400757964 (electronic bk.)
040 _cGW5XE
082 0 4 _a333 CDR 2015 C158 Or.
100 1 _aHill, Margot.
245 1 0 _aClimate change and water governance :
_badaptive capacity in Chile and Switzerland /
300 _a1 online resource.
490 1 _aAdvances in global change research,
650 0 _aWater-supply
650 0 _aWater-supply
650 0 _aWater resources development
650 0 _aWater-supply
710 2 _aOhio Library and Information Network.
856 4 0 _uhttp://rave.ohiolink.edu/ebooks/ebc/9789400757967
856 4 0 _uhttp://dx.doi.org/10.1007/978-94-007-5796-7
856 4 0 _uhttp://proxy.ohiolink.edu:9099/login?url=http://dx.doi.org/10.1007/978-94-007-5796-7
942 _cAEDBB
999 _c19029
_d19029